000 00798nam a22002297a 4500
003 DO-SdBNP
005 20180221112214.0
008 150925b 2012 cc a00| 0 spa d
020 _a9789962040446
040 _aBPMSU
_bspa
_cBPMSU
082 4 _axxxx
_bxxxx
245 0 3 _aLa era de hielo /
_cdirección y coordinación editorial María Cristina Parra Rodríguez, ilustraciones Liliana Páez, Marlen Mora, Hernando Martínez
260 _aChina :
_bLexus,
_c2012.
300 _a160 p. :
_bils., + lentes 3D + DVD ;
_c32 cm.
700 1 2 _aParra Rodríguez, María Cristina,
_eDir. ed.
700 1 2 _aPáez, Liliana,
_eil.
700 1 2 _aMora, Marlen,
_eil.
700 1 0 _aMartínez, Hernando,
_eil.
942 _2ddc
_cBK
945 _aInventariado, 2018 / BT
956 _aBTAVAREZ
_b10
_d20150929
_fBPMSU
_h0038
999 _c8291
_d8291